| 000 | 00564nam a2200157 4500 | ||
|---|---|---|---|
| 001 | 108890 | ||
| 003 | ES-MaACL | ||
| 005 | 20230906184731.0 | ||
| 007 | t| | ||
| 008 | 061121s1952 sp r ||||1| spa d | ||
| 100 | 1 |
_aMonzo Pales, Onofre. _982774 |
|
| 245 | 1 | 0 |
_aEnsayo valorativo del existencialismo _b: ( discurso leĆdo en la apertura del curso 1952-53 en el Seminario Diocesano de Ciudad Real / _cOnofre Monzo Pales. |
| 260 |
_aCiudad Real : _bInstituto de Estudios Manchegos, _c1952. |
||
| 300 |
_a32 p. ; _c25 cm. |
||
| 852 |
_aES-MaACL _j1961-F-27 _bR.34373 |
||
| 999 |
_c108890 _d108890 |
||